[Event "World Youth & Cadets Blitz Championships"]
[Site "Rhodes, Greece"]
[Date "2022.05.03"]
[Round "8.13"]
[White "Mamedov, Edgar"]
[Black "Begmuratov, Khumoyun"]
[Result "1-0"]
[TimeControl "5'/game & 2\"/move"]
[WhiteElo "2027"]
[BlackElo "1961"]

1. d4 {[%clk 00:05:03]} Nf6 {[%clk 00:05:03]} {[%emt 00:00:02]} 2. c4 {[%clk
00:05:04]} {[%emt 00:00:01]} g6 {[%clk 00:05:03]} {[%emt 00:00:01]} 3. Nc3
{[%clk 00:05:05]} {[%emt 00:00:02]} Bg7 {[%clk 00:05:04]} 4. e4 {[%clk
00:05:06]} {[%emt 00:00:02]} d6 {[%clk 00:05:05]} {[%emt 00:00:01]} 5. h3
{[%clk 00:05:07]} O-O {[%clk 00:05:03]} {[%emt 00:00:04]} 6. Be3 {[%clk
00:05:08]} {[%emt 00:00:01]} a6 {[%clk 00:05:01]} {[%emt 00:00:04]} 7. Nf3
{[%clk 00:04:59]} {[%emt 00:00:11]} c6 {[%clk 00:04:53]} {[%emt 00:00:09]} 8.
a4 {[%clk 00:04:56]} {[%emt 00:00:06]} Nbd7 {[%clk 00:04:53]} 9. Be2 {[%clk
00:04:52]} {[%emt 00:00:08]} e5 {[%clk 00:04:53]} 10. O-O {[%clk 00:04:32]}
{[%emt 00:00:24]} exd4 {[%clk 00:04:33]} 11. Nxd4 {[%clk 00:04:28]} {[%emt
00:00:29]} Nc5 {[%emt 00:00:07]} 12. e5 {[%clk 00:03:59]} {[%emt 00:00:25]}
Nfe4 {[%clk 00:04:08]} {[%emt 00:00:27]} 13. Nxe4 {[%clk 00:03:53]} {[%emt
00:00:08]} Nxe4 {[%clk 00:04:09]} 14. Bf3 {[%clk 00:03:33]} {[%emt 00:00:23]}
dxe5 {[%clk 00:03:30]} 15. Nxc6 {[%clk 00:03:31]} {[%emt 00:00:45]} Qh4 {[%clk
00:02:50]} 16. Ne7+ {[%clk 00:03:01]} {[%emt 00:01:13]} Qxe7 17. Bxe4 {[%clk
00:03:01]} Be6 {[%clk 00:02:44]} {[%emt 00:00:02]} 18. Qb3 {[%clk 00:02:53]}
{[%emt 00:00:11]} Rac8 {[%clk 00:02:09]} {[%emt 00:00:36]} 19. Qxb7 {[%clk
00:02:35]} {[%emt 00:00:19]} Rc7 {[%clk 00:02:11]} 20. Qb6 {[%clk 00:02:18]}
{[%emt 00:00:19]} Rxc4 {[%clk 00:02:08]} {[%emt 00:00:05]} 21. Bd3 {[%clk
00:02:10]} {[%emt 00:00:11]} Rb4 {[%clk 00:01:53]} {[%emt 00:00:17]} 22. Qc5
{[%clk 00:02:09]} {[%emt 00:00:02]} Qb7 {[%clk 00:01:38]} {[%emt 00:00:17]} 23.
Bxa6 {[%clk 00:02:06]} {[%emt 00:00:05]} Qb8 {[%clk 00:01:36]} {[%emt
00:00:03]} 24. Bb5 {[%clk 00:01:51]} {[%emt 00:00:18]} Rxb2 {[%clk 00:01:15]}
{[%emt 00:00:23]} 25. Rfb1 {[%clk 00:01:44]} {[%emt 00:00:08]} Rxb1+ {[%clk
00:01:13]} {[%emt 00:00:05]} 26. Rxb1 {[%clk 00:01:45]} {[%emt 00:00:02]} Qd8
{[%clk 00:00:58]} {[%emt 00:00:17]} 27. Bc6 {[%clk 00:01:18]} {[%emt 00:00:29]}
Qd3 {[%clk 00:00:21]} {[%emt 00:00:38]} 28. Rc1 {[%clk 00:01:07]} {[%emt
00:00:13]} f5 {[%clk 00:00:15]} {[%emt 00:00:08]} 29. Bb5 {[%clk 00:00:49]}
{[%emt 00:00:20]} Qe4 {[%clk 00:00:08]} {[%emt 00:00:08]} 30. Qc6 {[%clk
00:00:33]} {[%emt 00:00:19]} Bd5 {[%clk 00:00:03]} {[%emt 00:00:07]} 31. Bc4
{[%clk 00:00:30]} {[%emt 00:00:05]} Qxc4 {[%clk 00:00:03]} {[%emt 00:00:02]} 32.
Rxc4 {[%clk 00:00:29]} {[%emt 00:00:02]} Bxc6 {[%clk 00:00:05]} 33. Rxc6 {[%clk
00:00:30]} {[%emt 00:00:01]} Ra8 {[%clk 00:00:05]} {[%emt 00:00:02]} 34. Rc4
{[%clk 00:00:29]} {[%emt 00:00:03]} Bf8 {[%clk 00:00:04]} {[%emt 00:00:04]} 35.
Bb6 {[%clk 00:00:27]} {[%emt 00:00:03]} e4 {[%clk 00:00:04]} {[%emt 00:00:02]}
36. a5 {[%clk 00:00:28]} {[%emt 00:00:01]} Kf7 {[%clk 00:00:04]} {[%emt
00:00:02]} 37. Rc7+ {[%clk 00:00:28]} {[%emt 00:00:02]} Ke6 {[%clk 00:00:06]}
38. Rxh7 {[%clk 00:00:26]} {[%emt 00:00:05]} Bd6 {[%clk 00:00:07]} 39. Rg7
{[%clk 00:00:25]} {[%emt 00:00:03]} Rc8 {[%clk 00:00:05]} {[%emt 00:00:04]} 40.
Rxg6+ {[%clk 00:00:22]} {[%emt 00:00:05]} Kd5 {[%clk 00:00:06]} 41. g3 {[%clk
00:00:22]} {[%emt 00:00:02]} f4 {[%clk 00:00:06]} {[%emt 00:00:02]} 42. Rg5+
{[%clk 00:00:20]} {[%emt 00:00:04]} Kc6 {[%clk 00:00:04]} {[%emt 00:00:03]} 43.
gxf4 {[%clk 00:00:21]} {[%emt 00:00:03]} Bxf4 {[%clk 00:00:05]} 44. Rc5+ {[%clk
00:00:22]} {[%emt 00:00:01]} Kb7 {[%clk 00:00:05]} {[%emt 00:00:02]} 45. Rxc8
{[%clk 00:00:22]} {[%emt 00:00:01]} Kxc8 {[%clk 00:00:07]} 46. a6 {[%clk
00:00:22]} {[%emt 00:00:03]} Kb8 {[%clk 00:00:06]} {[%emt 00:00:03]} 47. Kg2
{[%clk 00:00:22]} {[%emt 00:00:01]} Be5 {[%clk 00:00:04]} {[%emt 00:00:04]} 48.
h4 {[%clk 00:00:23]} {[%emt 00:00:01]} Bf4 {[%clk 00:00:04]} {[%emt 00:00:02]}
49. h5 {[%clk 00:00:23]} {[%emt 00:00:01]} Kc8 {[%clk 00:00:04]} {[%emt
00:00:03]} 50. Kh3 {[%clk 00:00:23]} {[%emt 00:00:02]} Be5 {[%clk 00:00:05]} 51.
Kg4 {[%clk 00:00:23]} {[%emt 00:00:02]} Kb8 {[%clk 00:00:04]} {[%emt 00:00:03]}
52. Kf5 {[%clk 00:00:24]} Bc3 {[%clk 00:00:05]} {[%emt 00:00:01]} 53. Kxe4
{[%clk 00:00:22]} {[%emt 00:00:03]} Kc8 {[%clk 00:00:07]} 54. Kf5 {[%clk
00:00:23]} {[%emt 00:00:02]} Kd7 {[%clk 00:00:07]} {[%emt 00:00:01]} 55. a7
{[%clk 00:00:24]} {[%emt 00:00:01]} 1-0

[Event "World Youth & Cadets Blitz Championships"]
[Site "Rhodes, Greece"]
[Date "2022.05.03"]
[Round "8.14"]
[White "Erdogmus, Yagiz Kaan"]
[Black "Dotzer, Lukas"]
[Result "1-0"]
[TimeControl "5'/game & 2\"/move"]
[WhiteElo "1813"]
[BlackElo "2026"]

1. e4 {[%clk 00:05:03]} c5 {[%clk 00:05:02]} {[%emt 00:00:03]} 2. Nf3 {[%clk
00:05:04]} {[%emt 00:00:01]} d6 {[%clk 00:05:02]} {[%emt 00:00:02]} 3. Bb5+
{[%clk 00:05:05]} {[%emt 00:00:02]} Nd7 {[%emt 00:00:08]} 4. d4 a6 {[%emt
00:00:02]} 5. Bxd7+ {[%clk 00:04:56]} {[%emt 00:00:08]} Bxd7 {[%clk 00:05:00]}
{[%emt 00:00:03]} 6. dxc5 {[%clk 00:04:34]} {[%emt 00:00:24]} Qa5+ {[%clk
00:05:00]} {[%emt 00:00:02]} 7. Nc3 {[%clk 00:04:32]} {[%emt 00:00:04]} Qxc5
{[%emt 00:00:02]} 8. Be3 {[%clk 00:04:25]} {[%emt 00:00:08]} Qb4 {[%clk
00:04:55]} {[%emt 00:00:06]} 9. a3 {[%clk 00:03:50]} {[%emt 00:00:38]} Qxb2
{[%clk 00:04:29]} {[%emt 00:00:28]} 10. Bd4 {[%clk 00:02:31]} {[%emt 00:01:21]}
e5 {[%clk 00:02:38]} {[%emt 00:01:53]} 11. Ra2 {[%clk 00:01:19]} {[%emt
00:01:14]} Qxa2 {[%clk 00:02:38]} {[%emt 00:00:02]} 12. Nxa2 {[%clk 00:01:20]}
{[%emt 00:00:01]} exd4 {[%clk 00:02:37]} {[%emt 00:00:03]} 13. O-O {[%clk
00:01:20]} {[%emt 00:00:02]} Nf6 {[%clk 00:01:43]} {[%emt 00:00:56]} 14. Nxd4
{[%clk 00:01:00]} {[%emt 00:00:22]} g6 {[%clk 00:01:22]} {[%emt 00:00:24]} 15.
e5 {[%clk 00:00:21]} {[%emt 00:00:40]} dxe5 {[%clk 00:01:19]} {[%emt 00:00:06]}
16. Qf3 {[%clk 00:00:11]} {[%emt 00:00:11]} Bg7 {[%clk 00:01:15]} {[%emt
00:00:06]} 17. Qxb7 {[%clk 00:00:08]} {[%emt 00:00:05]} O-O {[%clk 00:01:16]}
{[%emt 00:00:01]} 18. Nb3 {[%clk 00:00:07]} {[%emt 00:00:03]} a5 {[%clk
00:01:07]} {[%emt 00:00:11]} 19. Nc5 {[%clk 00:00:05]} {[%emt 00:00:04]} Bf5
{[%clk 00:01:08]} {[%emt 00:00:01]} 20. c4 {[%clk 00:00:04]} {[%emt 00:00:03]}
Rac8 {[%clk 00:01:06]} {[%emt 00:00:04]} 21. Qb5 {[%clk 00:00:04]} {[%emt
00:00:02]} Ne4 {[%clk 00:00:46]} {[%emt 00:00:22]} 22. Nxe4 {[%clk 00:00:05]}
{[%emt 00:00:01]} Bxe4 {[%clk 00:00:47]} 23. Rc1 {[%clk 00:00:05]} {[%emt
00:00:02]} Bh6 {[%clk 00:00:46]} {[%emt 00:00:03]} 24. Re1 {[%clk 00:00:05]}
{[%emt 00:00:02]} Bd3 {[%clk 00:00:44]} {[%emt 00:00:05]} 25. Qxa5 {[%clk
00:00:04]} {[%emt 00:00:03]} Bxc4 {[%clk 00:00:43]} {[%emt 00:00:03]} 26. Nb4
{[%clk 00:00:04]} {[%emt 00:00:01]} Bd2 {[%clk 00:00:36]} {[%emt 00:00:08]} 27.
Rxe5 {[%clk 00:00:03]} {[%emt 00:00:03]} Be2 {[%clk 00:00:31]} {[%emt
00:00:08]} 28. Rc5 {[%clk 00:00:03]} {[%emt 00:00:02]} Ra8 {[%clk 00:00:25]}
{[%emt 00:00:08]} 29. Qc7 {[%clk 00:00:04]} {[%emt 00:00:02]} Rxa3 {[%clk
00:00:23]} {[%emt 00:00:03]} 1-0

[Event "World Youth & Cadets Blitz Championships"]
[Site "Rhodes, Greece"]
[Date "2022.05.03"]
[Round "8.15"]
[White "Korelskiy, Egor"]
[Black "Kuru, Atilla"]
[Result "1-0"]
[TimeControl "5'/game & 2\"/move"]
[WhiteElo "1993"]
[BlackElo "2023"]

1. g3 {[%clk 00:05:02]} {[%emt 00:00:02]} d5 {[%clk 00:05:03]} {[%emt
00:00:03]} 2. Nf3 {[%clk 00:05:01]} {[%emt 00:00:02]} c5 {[%clk 00:05:03]}
{[%emt 00:00:01]} 3. Bg2 {[%clk 00:05:01]} {[%emt 00:00:02]} Nc6 {[%clk
00:05:04]} {[%emt 00:00:02]} 4. d4 {[%clk 00:05:01]} {[%emt 00:00:01]} cxd4
{[%clk 00:05:04]} {[%emt 00:00:03]} 5. Nxd4 {[%clk 00:05:02]} {[%emt 00:00:01]}
Nf6 {[%clk 00:04:58]} {[%emt 00:00:08]} 6. O-O {[%clk 00:04:53]} {[%emt
00:00:10]} e5 {[%clk 00:04:59]} {[%emt 00:00:02]} 7. Nxc6 {[%clk 00:04:53]}
{[%emt 00:00:02]} bxc6 {[%clk 00:04:59]} {[%emt 00:00:01]} 8. c4 {[%clk
00:04:54]} {[%emt 00:00:02]} Be6 {[%clk 00:04:57]} {[%emt 00:00:04]} 9. Nc3
{[%clk 00:04:54]} {[%emt 00:00:02]} h6 {[%clk 00:04:54]} {[%emt 00:00:05]} 10.
Qa4 {[%clk 00:04:37]} {[%emt 00:00:18]} Bd7 {[%clk 00:04:31]} {[%emt 00:00:26]}
11. cxd5 {[%clk 00:04:25]} {[%emt 00:00:14]} cxd5 {[%clk 00:04:31]} {[%emt
00:00:02]} 12. Qa6 {[%clk 00:04:24]} {[%emt 00:00:02]} e4 {[%clk 00:03:33]}
{[%emt 00:01:01]} 13. Rd1 {[%clk 00:04:16]} {[%emt 00:00:10]} Be6 {[%clk
00:02:45]} {[%emt 00:00:50]} 14. Nxe4 {[%clk 00:04:07]} {[%emt 00:00:11]} Nxe4
{[%clk 00:02:38]} {[%emt 00:00:10]} 15. Bxe4 {[%clk 00:04:07]} {[%emt
00:00:01]} Qd7 {[%clk 00:02:30]} {[%emt 00:00:09]} 16. Bc2 {[%clk 00:03:52]}
{[%emt 00:00:18]} Qc8 {[%clk 00:01:56]} {[%emt 00:00:37]} 17. Ba4+ {[%clk
00:03:46]} {[%emt 00:00:07]} Kd8 {[%clk 00:01:57]} 18. Qa5+ {[%clk 00:03:43]}
{[%emt 00:00:06]} Ke7 {[%clk 00:01:54]} {[%emt 00:00:03]} 19. Bd2 {[%clk
00:03:32]} {[%emt 00:00:14]} Qd8 {[%clk 00:01:44]} {[%emt 00:00:09]} 20. Bb4+
{[%clk 00:03:28]} {[%emt 00:00:09]} Kf6 {[%clk 00:01:44]} 21. Bc3+ {[%clk
00:03:28]} {[%emt 00:00:02]} Kg6 {[%clk 00:01:37]} {[%emt 00:00:10]} 22. Bc2+
{[%clk 00:03:25]} {[%emt 00:00:06]} f5 {[%clk 00:01:38]} {[%emt 00:00:01]} 23.
Qa6 {[%clk 00:03:11]} {[%emt 00:00:16]} Qd6 {[%clk 00:01:20]} {[%emt 00:00:18]}
24. Qxd6 {[%clk 00:02:34]} {[%emt 00:00:39]} Bxd6 {[%clk 00:01:21]} {[%emt
00:00:02]} 25. Bb3 {[%clk 00:02:20]} {[%emt 00:00:15]} Rhd8 {[%clk 00:01:10]}
{[%emt 00:00:14]} 26. Bxd5 {[%clk 00:02:18]} {[%emt 00:00:04]} Bxd5 {[%clk
00:01:10]} {[%emt 00:00:02]} 27. Rxd5 {[%clk 00:02:18]} {[%emt 00:00:01]} Bc7
{[%clk 00:01:09]} {[%emt 00:00:03]} 28. Rad1 {[%clk 00:02:18]} {[%emt
00:00:03]} Rxd5 {[%clk 00:01:07]} {[%emt 00:00:03]} 29. Rxd5 {[%clk 00:02:19]}
{[%emt 00:00:02]} Bd8 {[%clk 00:01:06]} {[%emt 00:00:03]} 30. Rd6+ {[%clk
00:02:14]} {[%emt 00:00:07]} Bf6 {[%clk 00:01:03]} {[%emt 00:00:05]} 31. Bxf6
{[%clk 00:02:14]} {[%emt 00:00:02]} gxf6 {[%clk 00:01:04]} 32. Ra6 {[%clk
00:02:14]} {[%emt 00:00:01]} Rb8 {[%clk 00:01:04]} {[%emt 00:00:02]} 33. b3
{[%clk 00:02:14]} {[%emt 00:00:02]} Re8 {[%clk 00:01:04]} {[%emt 00:00:03]} 34.
e3 {[%clk 00:02:14]} {[%emt 00:00:02]} Re7 {[%clk 00:01:05]} 35. Kg2 {[%emt
00:00:04]} Rc7 {[%clk 00:01:05]} 36. h4 {[%clk 00:02:13]} {[%emt 00:00:03]} Kf7
{[%clk 00:01:03]} {[%emt 00:00:04]} 37. Kf3 {[%clk 00:02:12]} {[%emt 00:00:03]}
Ke7 {[%clk 00:00:55]} {[%emt 00:00:10]} 38. Kf4 {[%clk 00:02:09]} {[%emt
00:00:04]} Kf7 {[%clk 00:00:46]} {[%emt 00:00:12]} 39. Kxf5 {[%clk 00:02:09]}
{[%emt 00:00:02]} Rc5+ {[%clk 00:00:43]} {[%emt 00:00:05]} 40. Kf4 {[%clk
00:02:09]} Rc7 {[%clk 00:00:42]} {[%emt 00:00:04]} 41. g4 {[%clk 00:02:10]}
{[%emt 00:00:01]} Kg7 {[%clk 00:00:39]} {[%emt 00:00:05]} 42. g5 {[%clk
00:02:07]} {[%emt 00:00:05]} fxg5+ {[%clk 00:00:40]} 43. hxg5 {[%clk 00:02:08]}
{[%emt 00:00:01]} Rf7+ {[%clk 00:00:41]} 44. Kg4 {[%clk 00:02:00]} {[%emt
00:00:10]} hxg5 {[%clk 00:00:42]} {[%emt 00:00:01]} 45. Kxg5 {[%clk 00:02:00]}
{[%emt 00:00:01]} Rxf2 {[%clk 00:00:36]} {[%emt 00:00:09]} 46. Rxa7+ {[%clk
00:01:59]} {[%emt 00:00:03]} Kf8 {[%clk 00:00:37]} {[%emt 00:00:01]} 47. e4
{[%clk 00:01:59]} {[%emt 00:00:02]} Ke8 {[%clk 00:00:37]} {[%emt 00:00:01]} 48.
e5 {[%clk 00:02:00]} {[%emt 00:00:01]} Re2 {[%clk 00:00:38]} {[%emt 00:00:02]}
49. Kf6 {[%clk 00:02:01]} {[%emt 00:00:01]} Rf2+ {[%clk 00:00:38]} {[%emt
00:00:01]} 50. Ke6 {[%clk 00:02:02]} Kd8 {[%clk 00:00:40]} {[%emt 00:00:01]} 51.
Ra8+ {[%clk 00:02:03]} {[%emt 00:00:01]} Kc7 {[%clk 00:00:41]} {[%emt
00:00:01]} 52. Ke7 {[%clk 00:02:03]} {[%emt 00:00:02]} Kb7 {[%clk 00:00:40]}
{[%emt 00:00:02]} 53. Ra4 {[%clk 00:02:03]} {[%emt 00:00:02]} Kc6 {[%clk
00:00:41]} {[%emt 00:00:02]} 54. e6 {[%clk 00:02:04]} {[%emt 00:00:02]} Re2
{[%clk 00:00:41]} 55. b4 {[%clk 00:02:03]} {[%emt 00:00:03]} Kb5 {[%clk
00:00:40]} {[%emt 00:00:03]} 56. Ra3 {[%clk 00:01:57]} {[%emt 00:00:08]} Kxb4
{[%clk 00:00:39]} {[%emt 00:00:03]} 57. Rd3 {[%clk 00:01:57]} {[%emt 00:00:02]}
Kc5 {[%clk 00:00:38]} {[%emt 00:00:03]} 58. Kd7 {[%clk 00:01:52]} {[%emt
00:00:07]} Rxa2 {[%clk 00:00:37]} {[%emt 00:00:03]} 59. e7 {[%clk 00:01:52]}
{[%emt 00:00:02]} Ra7+ {[%clk 00:00:38]} {[%emt 00:00:01]} 60. Ke8 {[%clk
00:01:51]} {[%emt 00:00:02]} Kc4 {[%clk 00:00:35]} {[%emt 00:00:06]} 61. Rd1
{[%clk 00:01:50]} {[%emt 00:00:03]} Kc5 {[%clk 00:00:33]} {[%emt 00:00:03]} 62.
Kf8 {[%clk 00:01:51]} {[%emt 00:00:02]} 1-0

[Event "World Youth & Cadets Blitz Championships"]
[Site "Rhodes, Greece"]
[Date "2022.05.03"]
[Round "8.16"]
[White "Gloeckler, Christian"]
[Black "Patel, Zain"]
[Result "1-0"]
[TimeControl "5'/game & 2\"/move"]
[WhiteElo "1595"]
[BlackElo "1746"]

1. e4 {[%clk 00:05:03]} e5 {[%clk 00:05:03]} {[%emt 00:00:01]} 2. Nf3 {[%clk
00:05:04]} {[%emt 00:00:01]} Nc6 {[%clk 00:05:04]} {[%emt 00:00:01]} 3. Bb5
{[%clk 00:05:05]} a6 {[%clk 00:05:05]} {[%emt 00:00:01]} 4. Bxc6 {[%clk
00:05:06]} {[%emt 00:00:01]} dxc6 {[%clk 00:05:06]} {[%emt 00:00:02]} 5. d4
{[%clk 00:05:07]} exd4 {[%clk 00:05:04]} {[%emt 00:00:04]} 6. Qxd4 {[%clk
00:05:08]} {[%emt 00:00:01]} Bd6 {[%emt 00:00:47]} 7. Qxg7 {[%clk 00:04:55]}
{[%emt 00:00:01]} Qf6 {[%clk 00:04:33]} {[%emt 00:00:03]} 8. Qxf6 {[%clk
00:04:55]} {[%emt 00:00:01]} Nxf6 {[%clk 00:04:33]} {[%emt 00:00:02]} 9. e5
{[%clk 00:04:56]} {[%emt 00:00:02]} Nd5 {[%clk 00:04:20]} {[%emt 00:00:14]} 10.
exd6 {[%clk 00:04:55]} {[%emt 00:00:03]} cxd6 {[%clk 00:04:20]} {[%emt
00:00:02]} 11. O-O {[%clk 00:04:55]} {[%emt 00:00:02]} Rg8 {[%clk 00:04:17]}
{[%emt 00:00:06]} 12. Re1+ {[%clk 00:04:55]} {[%emt 00:00:01]} Kd8 {[%clk
00:04:07]} {[%emt 00:00:12]} 13. c4 {[%clk 00:04:48]} {[%emt 00:00:09]} Nb4
{[%clk 00:04:03]} {[%emt 00:00:07]} 14. Bg5+ {[%clk 00:04:45]} {[%emt
00:00:04]} Kc7 {[%clk 00:03:45]} {[%emt 00:00:21]} 15. Re7+ {[%clk 00:04:14]}
{[%emt 00:00:33]} Bd7 {[%clk 00:03:33]} {[%emt 00:00:14]} 16. Nc3 {[%clk
00:04:06]} {[%emt 00:00:10]} Raf8 {[%clk 00:03:23]} {[%emt 00:00:12]} 17. Rd1
{[%clk 00:04:02]} {[%emt 00:00:05]} Rg6 {[%clk 00:02:59]} {[%emt 00:00:26]} 18.
a3 {[%clk 00:03:51]} {[%emt 00:00:14]} Nc2 {[%clk 00:02:40]} {[%emt 00:00:21]}
19. Rc1 {[%clk 00:03:27]} {[%emt 00:00:25]} Nd4 {[%clk 00:02:41]} {[%emt
00:00:01]} 20. Nxd4 {[%clk 00:03:17]} {[%emt 00:00:12]} Rxg5 {[%clk 00:02:42]}
{[%emt 00:00:01]} 21. Ne4 {[%clk 00:03:09]} {[%emt 00:00:11]} Rg6 {[%clk
00:02:30]} {[%emt 00:00:14]} 22. c5 {[%clk 00:02:45]} {[%emt 00:00:26]} d5
{[%clk 00:02:02]} {[%emt 00:00:30]} 23. Nd6 {[%clk 00:02:42]} {[%emt 00:00:05]}
b6 {[%clk 00:01:31]} {[%emt 00:00:32]} 24. b4 {[%clk 00:02:30]} {[%emt
00:00:14]} Rg4 {[%clk 00:01:26]} {[%emt 00:00:07]} 25. N4f5 {[%clk 00:01:14]}
{[%emt 00:01:19]} b5 {[%clk 00:01:27]} {[%emt 00:00:01]} 26. Rce1 {[%clk
00:01:04]} {[%emt 00:00:11]} d4 {[%clk 00:01:25]} {[%emt 00:00:05]} 27. f3
{[%clk 00:00:43]} {[%emt 00:00:22]} Rf4 {[%clk 00:01:13]} {[%emt 00:00:15]} 28.
Rxd7+ {[%clk 00:00:40]} {[%emt 00:00:05]} Kxd7 {[%clk 00:01:13]} {[%emt
00:00:02]} 29. Re7+ {[%clk 00:00:40]} {[%emt 00:00:01]} Kd8 {[%clk 00:01:14]}
{[%emt 00:00:01]} 30. Nb7+ {[%clk 00:00:41]} {[%emt 00:00:02]} Kc8 {[%clk
00:01:15]} {[%emt 00:00:01]} 31. Nfd6+ {[%clk 00:00:42]} {[%emt 00:00:01]} Kb8
{[%clk 00:01:16]} {[%emt 00:00:01]} 32. Na5 {[%clk 00:00:41]} {[%emt 00:00:02]}
Rc8 {[%clk 00:00:49]} {[%emt 00:00:29]} 33. Rb7+ {[%clk 00:00:41]} {[%emt
00:00:02]} Ka8 {[%clk 00:00:50]} 34. Nxc8 {[%clk 00:00:42]} d3 {[%clk
00:00:47]} {[%emt 00:00:05]} 35. Nb6# {[%clk 00:00:42]} {[%emt 00:00:02]} 1-0

[Event "World Youth & Cadets Blitz Championships"]
[Site "Rhodes, Greece"]
[Date "2022.05.03"]
[Round "8.17"]
[White "Soulier, Alfred"]
[Black "Yu, Rock"]
[Result "1/2-1/2"]
[TimeControl "5'/game & 2\"/move"]
[WhiteElo "1293"]
[BlackElo "1488"]

1. d4 {[%clk 00:05:03]} Nf6 {[%clk 00:05:03]} {[%emt 00:00:01]} 2. Nc3 {[%clk
00:05:02]} {[%emt 00:00:03]} e6 {[%clk 00:05:01]} {[%emt 00:00:04]} 3. e4
{[%clk 00:04:58]} {[%emt 00:00:06]} d5 {[%clk 00:05:02]} {[%emt 00:00:02]} 4.
e5 {[%clk 00:04:59]} Nfd7 {[%clk 00:05:03]} {[%emt 00:00:01]} 5. f4 {[%clk
00:04:58]} {[%emt 00:00:03]} c5 {[%clk 00:05:04]} 6. Nf3 {[%clk 00:04:59]}
{[%emt 00:00:02]} Nc6 {[%clk 00:05:05]} 7. Be3 {[%clk 00:04:59]} Qb6 {[%clk
00:05:02]} {[%emt 00:00:05]} 8. a3 {[%clk 00:05:00]} {[%emt 00:00:01]} cxd4
{[%clk 00:04:54]} {[%emt 00:00:10]} 9. Nxd4 {[%clk 00:05:00]} {[%emt 00:00:03]}
Bc5 {[%clk 00:04:49]} {[%emt 00:00:07]} 10. Na4 {[%clk 00:04:32]} {[%emt
00:00:30]} Qa5+ {[%clk 00:04:43]} {[%emt 00:00:08]} 11. c3 {[%clk 00:04:32]}
{[%emt 00:00:01]} Nxd4 {[%clk 00:04:34]} {[%emt 00:00:11]} 12. Bxd4 {[%clk
00:04:32]} {[%emt 00:00:03]} Bxd4 {[%clk 00:04:35]} 13. Qxd4 {[%clk 00:04:32]}
{[%emt 00:00:03]} O-O {[%clk 00:04:14]} {[%emt 00:00:23]} 14. g4 {[%clk
00:04:09]} {[%emt 00:00:25]} b5 {[%clk 00:03:54]} {[%emt 00:00:22]} 15. Nc5
{[%clk 00:04:03]} {[%emt 00:00:07]} Nxc5 {[%clk 00:03:53]} {[%emt 00:00:03]} 16.
Qxc5 {[%clk 00:04:04]} {[%emt 00:00:02]} Bd7 {[%clk 00:03:50]} {[%emt
00:00:04]} 17. h4 {[%clk 00:03:32]} {[%emt 00:00:34]} Rac8 {[%clk 00:03:37]}
{[%emt 00:00:16]} 18. Qd4 {[%clk 00:03:30]} {[%emt 00:00:03]} Qb6 {[%clk
00:03:31]} {[%emt 00:00:09]} 19. Qxb6 {[%clk 00:03:24]} {[%emt 00:00:07]} axb6
{[%clk 00:03:32]} 20. Bd3 {[%clk 00:03:12]} {[%emt 00:00:15]} h6 {[%clk
00:03:18]} {[%emt 00:00:16]} 21. Kf2 {[%clk 00:02:59]} {[%emt 00:00:15]} f6
{[%clk 00:03:11]} {[%emt 00:00:09]} 22. exf6 {[%clk 00:02:54]} {[%emt
00:00:07]} Rxf6 {[%clk 00:03:12]} {[%emt 00:00:01]} 23. Kg3 {[%clk 00:02:47]}
{[%emt 00:00:09]} Rcf8 {[%clk 00:03:02]} {[%emt 00:00:13]} 24. Raf1 {[%clk
00:02:42]} {[%emt 00:00:07]} g6 {[%clk 00:02:45]} {[%emt 00:00:19]} 25. g5
{[%clk 00:02:35]} {[%emt 00:00:09]} hxg5 {[%clk 00:02:36]} {[%emt 00:00:11]} 26.
hxg5 {[%clk 00:02:35]} {[%emt 00:00:01]} R6f7 {[%clk 00:02:35]} {[%emt
00:00:03]} 27. Bxg6 {[%clk 00:02:31]} {[%emt 00:00:07]} Rg7 {[%clk 00:02:36]}
28. Bd3 {[%clk 00:02:11]} {[%emt 00:00:20]} e5 {[%clk 00:02:34]} {[%emt
00:00:05]} 29. g6 {[%clk 00:00:49]} {[%emt 00:01:25]} e4 {[%clk 00:02:35]} 30.
Be2 {[%clk 00:00:22]} {[%emt 00:00:28]} Rxg6+ {[%clk 00:02:35]} {[%emt
00:00:02]} 31. Kh4 {[%clk 00:00:20]} {[%emt 00:00:03]} Kg7 {[%clk 00:02:19]}
{[%emt 00:00:19]} 32. Bh5 {[%clk 00:00:09]} {[%emt 00:00:14]} Rh6 {[%clk
00:01:49]} {[%emt 00:00:31]} 33. Rhg1+ {[%clk 00:00:08]} {[%emt 00:00:02]} Kf6
{[%clk 00:01:35]} {[%emt 00:00:17]} 34. f5 {[%clk 00:00:05]} {[%emt 00:00:06]}
Bxf5 {[%clk 00:01:19]} {[%emt 00:00:17]} 35. Rxf5+ {[%clk 00:00:04]} {[%emt
00:00:02]} Kxf5 {[%clk 00:01:19]} {[%emt 00:00:02]} 36. Rf1+ {[%clk 00:00:05]}
{[%emt 00:00:01]} Ke5 {[%clk 00:01:13]} {[%emt 00:00:08]} 37. Rxf8 {[%clk
00:00:06]} {[%emt 00:00:01]} e3 {[%clk 00:01:14]} {[%emt 00:00:02]} 38. Re8+
{[%clk 00:00:05]} {[%emt 00:00:03]} Kf4 {[%clk 00:01:14]} {[%emt 00:00:02]} 39.
Re7 {[%clk 00:00:04]} {[%emt 00:00:03]} Rh8 {[%clk 00:01:00]} {[%emt 00:00:16]}
40. Rf7+ {[%clk 00:00:04]} {[%emt 00:00:02]} Ke4 {[%clk 00:00:59]} {[%emt
00:00:03]} 41. Kg4 {[%clk 00:00:04]} {[%emt 00:00:01]} e2 {[%clk 00:00:52]}
{[%emt 00:00:09]} 42. Re7+ {[%clk 00:00:04]} {[%emt 00:00:02]} Kd3 {[%clk
00:00:49]} {[%emt 00:00:05]} 43. Kh4 {[%clk 00:00:04]} {[%emt 00:00:03]} Rxh5+
{[%clk 00:00:43]} {[%emt 00:00:07]} 44. Kxh5 {[%clk 00:00:05]} Kd2 {[%clk
00:00:44]} {[%emt 00:00:01]} 45. Kg5 {[%clk 00:00:05]} {[%emt 00:00:02]} e1=Q
{[%emt 00:00:04]} 46. Rxe1 {[%clk 00:00:05]} {[%emt 00:00:01]} Kxe1 {[%clk
00:00:45]} 47. Kf5 {[%clk 00:00:06]} Kd2 {[%clk 00:00:46]} 48. Ke5 {[%clk
00:00:07]} Kc2 {[%clk 00:00:47]} {[%emt 00:00:01]} 49. Kxd5 {[%clk 00:00:08]}
{[%emt 00:00:01]} Kxb2 {[%clk 00:00:47]} {[%emt 00:00:02]} 50. Kc6 {[%clk
00:00:07]} {[%emt 00:00:03]} Kxc3 {[%clk 00:00:43]} {[%emt 00:00:07]} 51. Kxb5
{[%clk 00:00:07]} {[%emt 00:00:02]} Kb3 {[%clk 00:00:40]} {[%emt 00:00:04]} 52.
a4 {[%clk 00:00:08]} {[%emt 00:00:02]} Ka3 {[%clk 00:00:41]} 53. Kxb6 {[%clk
00:00:07]} {[%emt 00:00:04]} Kxa4 {[%clk 00:00:43]} 1/2-1/2